000
00298nam a22001337a 4500
008
180920b xxu||||| |||| 00| 0 eng d
020
_a
9780521397698
041
_a
eng
080
_a
321
100
_a
21
101
_a
POL
245
_a
Intellectual Development
_c
Sternberg,r,j
942
_2
udc
_c
BK
999
_c
48135
_d
48135